书目信息 |
| 题名: |
简明日汉词典
|
|
| 作者: | 刘文祥 编 | |
| 分册: | ||
| 出版信息: | 北京 商务印书馆 1984 |
|
| 页数: | 1026页 | |
| 开本: | 19cm | |
| 丛书名: | ||
| 单 册: | ||
| 中图分类: | H366 | |
| 科图分类: | ||
| 主题词: | 日语--词典 | |
| 电子资源: | ||
| ISBN: | ||
| 000 | 00633nam0 2200229 45 | |
| 001 | 0184002943 | |
| 005 | 20050425152435.8 | |
| 010 | @b精装@dCNY6.95 | |
| 091 | @a9017.1201 | |
| 100 | @a19950703d1984 em y0chiy0121 ea | |
| 101 | 0 | @achi@ajpn |
| 102 | @aCN@b110000 | |
| 105 | @ay e 000yy | |
| 200 | 10 | @a简明日汉词典@Ajian ming ri han ci dian@f刘文祥等编@FLiu Wen Xiang DengBian |
| 210 | @a北京@c商务印书馆@d1984 | |
| 215 | @a1026页@d19cm | |
| 606 | @a日语@x词典 | |
| 690 | @aH366@v3 | |
| 701 | 0 | @a刘文祥@4编 |
| 801 | 0 | @aCN@b上海图书馆@c20050425 |
| 801 | 2 | @aCN@bNLC@c20050425 |
| 905 | @f1@b154935@dH366@e134@b155994-996@f3 | |
| 简明日汉词典/刘文祥等编.-北京:商务印书馆,1984 |
| 1026页;19cm |
| ISBN (精装):CNY6.95 |
| ● |
| 相关链接 |
|
|
|
|
正题名:简明日汉词典
索取号:H366/134
 
预约/预借
| 序号 | 登录号 | 条形码 | 馆藏地/架位号 | 状态 | 备注 |
| 1 | 0154935 | 001055592 | 密集书库/ [索取号:H366/134] | 在馆 | |
| 2 | 0154937 | 202069910 | 第二样本阅览室/ [索取号:H366/134] | 在馆 | |
| 3 | 0155994 | 001152807 | 密集书库/ [索取号:H366/134] | 在馆 | |
| 4 | 0155995 | 001055583 | 工具书阅览室/ [索取号:H366/134] | 在馆 | |
| 5 | 0155996 | 001055609 | 密集书库/ [索取号:H366/134] | 在馆 |